Engineering materials 1

Đã lưu trong:
書目詳細資料
主要作者: Ashby, Michael F.
格式: 圖書
語言:Undetermined
出版: Oxford Butterworth - Heinemann 2003
主題:
標簽: 添加標簽
沒有標簽, 成為第一個標記此記錄!
Thư viện lưu trữ: Trung tâm Học liệu Trường Đại học Cần Thơ
LEADER 00530nam a2200193Ia 4500
001 CTU_74797
008 210402s9999 xx 000 0 und d
020 |c 757000 
082 |a 620.11 
082 |b A823 
100 |a Ashby, Michael F. 
245 0 |a Engineering materials 1 
245 0 |c Michael F. Ashby, David R H Jones 
260 |a Oxford 
260 |b Butterworth - Heinemann 
260 |c 2003 
650 |a Engineering materials science 
904 |i Nguyên 
980 |a Trung tâm Học liệu Trường Đại học Cần Thơ